Logistics in Europe - The vision and the reality : survey into current developments influencing European manufacturing and logistics

Αποθηκεύτηκε σε:
Λεπτομέρειες βιβλιογραφικής εγγραφής
Συγγραφή απο Οργανισμό/Αρχή: Logistics Consulting Services
Μορφή: Βιβλίο
Γλώσσα:English
Θέματα:
Ετικέτες: Προσθήκη ετικέτας
Δεν υπάρχουν, Καταχωρήστε ετικέτα πρώτοι!

MARC

LEADER 00000nam a2200000 i 4500
001 1/65572
008 980824s1996 eng d
020 |a 0907138853 
035 |l 10029661 
040 |a GR-MY-UA  |b gre  |e aacr 
041 0 |a eng 
082 0 |a 658.50094 
110 2 |a Logistics Consulting Services. 
245 1 0 |a Logistics in Europe - The vision and the reality :  |b survey into current developments influencing European manufacturing and logistics /  |c Jan Szymankiewich ; Logistics Consulting Services, in association with European Logistics Consultants and Institute of Logistics 
650 0 0 |a Logistics. 
852 |a INST  |b CHIOS  |e 19980824  |h 658.50094 LOG  |p 005200015869  |q 005200015869  |t BK  |y 0 
901 |a BIBL-1998-2 
909 |a Χ  |b 058832 
922 |a 2ΕΛΗ  |b 199807  |c ΤΔΕ  |d ΠΑΠΑΣΩΤΗΡΙΟΥ